[Event "Dortmund Gr-A"]
[Site "Dortmund"]
[Date "2004.07.23"]
[Round "2"]
[White "Anand, Viswanathan"]
[Black "Svidler, Peter"]
[Result "1-0"]
[WhiteElo "2782"]
[BlackElo "2727"]
[Annotator "Ftacnik,L"]
[PlyCount "105"]
[EventDate "2004.07.22"]
[EventType "tourn"]
[EventRounds "6"]
[EventCountry "GER"]
[EventCategory "18"]
[SourceTitle "CBM 102"]
[Source "ChessBase"]
[SourceDate "2004.09.23"]
[SourceVersion "1"]
[SourceVersionDate "2004.09.23"]
[SourceQuality "1"]

1. e4 c5 2. Nf3 d6 3. d4 cxd4 4. Nxd4 Nf6 5. Nc3 a6 6. Be3 e5 7. Nb3 Be6 8. Qd2
Nbd7 9. f3 b5 10. O-O-O Nb6 11. Qf2 Nc4 12. Bxc4 bxc4 13. Nc5 Be7 14. h4 (14.
g4 $2 Bxg4 15. N5a4 Be6 16. Rhg1 g6 17. Nb6 Rb8 18. Ncd5 Bxd5 19. Nxd5 Nxd5 20.
Rxd5 Rb5 21. Qd2 Qc7 22. Bh6 Rxb2 23. Bg7 {0-1 Illes,S-Stanescu,C/Miercurea
Ciuc 2002/ (23)}) (14. N5a4 h5 15. Nb6 Rb8 16. Ncd5 Bxd5 17. Nxd5 Nxd5 18. Rxd5
Rb5 19. Rhd1 Qa5 20. Kb1 O-O 21. Qd2 Qc7 22. Rxb5 axb5 23. Qd5 b4 24. b3 {
1-0 Almasi,Z-Lalic,B/Jahorina 2003/ (46)}) (14. Nxe6 fxe6 15. Qe2 d5 16. exd5
exd5 17. Nxd5 Nxd5 18. Qxc4 Nxe3 19. Qc6+ Kf7 20. Rxd8 Rhxd8 21. Qe4 Bg5 22.
Qxe5 Rd5 23. Qc7+ Kg8 24. f4 Rad8 25. b3 Bf6 {0-1 Pym,T-Eckersley Waites,T/
Millfield School 2003/ (30)}) 14... Qc8 15. N5a4 Rb8 16. g4 Qc6 17. Nb6 Bd8 $1
(17... Qb7 18. g5 Nd7 19. Nba4 Qc6 20. a3 O-O 21. h5 f5 22. gxf6 Nxf6 23. Qg3
Kh8 24. Rdg1 Rf7 {1/2-1/2 Slobodjan,R-Bruzon Bautista,L/Varadero 2000/ (52)})
18. Ncd5 O-O $6 {[%mdl 4] Svidler misses a golden opportunity to show the
weaker side of white's set up. Taking on b6 would promise black excellent
chances.} (18... Bxb6 $5 19. Nxb6 d5 20. exd5 (20. g5 $2 d4 21. gxf6 Qxb6 $19)
20... Nxd5 21. Nxd5 Bxd5 22. Rh3 O-O 23. f4 f5 $15) 19. c3 Nxd5 (19... Bxb6 $4
20. Ne7+ $18) 20. Nxd5 (20. exd5 Qb7 21. Nxc4 Bxd5 22. Nxd6 Qc6 $15) 20... Rb5
21. Nb4 Qb7 (21... Qd7 22. Nxa6 Be7 23. Nb4 Ra8 24. Kb1 Qc7 $13) 22. Rxd6 a5 (
22... Be7 23. Rxa6 Bxb4 24. Ra7 Qc6 25. cxb4 c3 (25... Rb7 26. Rxb7 Qxb7 27. a3
$16) 26. b3 $1 Ra8 27. Rd1 $16) 23. Na6 $1 {Anand is certainly not afraid of
concrete tactical solutions, the knight is heading for c5 square.} (23. Nc6 Bc7
24. Ne7+ Kh8 25. Rd2 a4 $14) 23... Be7 (23... Bc7 24. Nxc7 Qxc7 25. Rhd1 $16)
24. Nc5 Qc8 (24... Rxc5 25. Bxc5 Bxd6 26. Bxd6 Rd8 27. Bxe5 $16) 25. Nxe6 fxe6
(25... Bxd6 26. Nxf8 Qxf8 27. Rd1 $16) 26. Rb6 $1 Rxb6 27. Bxb6 a4 (27... Qc6
28. g5 $16) 28. a3 Qc6 29. g5 Rb8 30. Ba5 Qb5 (30... Bc5 31. Qe2 Ra8 32. Bb4
Bxb4 33. cxb4 c3 34. Qc2 $16) 31. Bb4 Bxb4 32. cxb4 c3 {Black has to seek
counterplay as his pawn structure is rather misserable.} 33. Qc2 (33. bxc3 Qc4
34. Qc2 Rf8 35. Rd1 Rxf3 36. Rd8+ Kf7 37. Kb2 Kg6 38. Rd2 $16) 33... cxb2+ 34.
Kxb2 Rd8 (34... Rf8 35. Rd1 Rxf3 36. Rd8+ Kf7 (36... Rf8 37. Rxf8+ Kxf8 38.
Qc5+ $18) 37. g6+ $1 $18) 35. Rc1 Kf7 36. Qc4 Rd2+ 37. Kb1 Qd7 (37... Qxc4 38.
Rxc4 Rd3 39. b5 Rb3+ 40. Ka2 Rxb5 41. Rxa4 $18) 38. Qc7 Qxc7 (38... Kg6 39.
Qxd7 Rxd7 40. Rc6 Rd3 41. Rxe6+ Kh5 42. Kb2 Rb3+ 43. Ka2 Rxf3 44. Rxe5 Kxh4 45.
Ra5 Rf2+ 46. Kb1 Re2 47. Rxa4 Rxe4 48. Ra7 Kxg5 49. Rxg7+ $18) 39. Rxc7+ {
The rook endgame is also bad for Svidler, since white will quickly create two
passed pawns on the queenside.} Kg6 40. Ra7 Kh5 (40... Rh2 41. b5 Rxh4 42. b6
Rh1+ 43. Kc2 Rh2+ 44. Kc3 Rh3 45. Rxa4 Rxf3+ 46. Kb4 $18) 41. Rxa4 Kxh4 42. g6
$1 {A very fine moment, since it is impossible to find a good antidote to this
move.} h5 (42... hxg6 43. Ra6 Kg3 44. Rxe6 Kxf3 45. Rxe5 Kf4 46. Re7 $18) 43.
Ra7 Kg5 44. Rxg7 Rd8 (44... h4 45. b5 Kf6 46. Rh7 Kxg6 47. Rxh4 $18) 45. Kb2
Kf6 46. Rc7 Kxg6 47. b5 h4 48. Rc1 h3 49. Rh1 Rh8 50. a4 Kf6 51. b6 Ke7 52. a5
Kd6 53. Rc1 $1 (53. Rc1 $1 h2 54. b7 $18) 1-0

[Event "Mainz m"]
[Site "Mainz"]
[Date "2004.08.05"]
[Round "1"]
[White "Shirov, Alexei"]
[Black "Anand, Viswanathan"]
[Result "1/2-1/2"]
[WhiteElo "2725"]
[BlackElo "2782"]
[Annotator "Finkel,A"]
[PlyCount "81"]
[EventDate "2004.08.05"]
[EventType "match (rapid)"]
[EventRounds "8"]
[EventCountry "GER"]
[SourceTitle "CBM 103"]
[Source "ChessBase"]
[SourceDate "2004.11.11"]
[SourceVersion "1"]
[SourceVersionDate "2004.11.11"]
[SourceQuality "1"]

1. e4 e6 2. d4 d5 3. Nc3 dxe4 4. Nxe4 Nd7 5. Nf3 Ngf6 6. Nxf6+ Nxf6 7. g3 b6 8.
Bg2 Bb7 9. O-O Be7 10. c4 {Anand has a lot of experience in this line, since
he used it both with black and with white on numerous occasions.} (10. b3 O-O
11. Qe2 c5 12. dxc5 Bxc5 13. Bb2 Qe7 14. Ne5 Bxg2 15. Kxg2 Qb7+ 16. Qf3 Qxf3+
17. Kxf3 Rfd8 $11 {Vouldis,A-Pandavos,E/Greece 1993}) (10. Qe2 O-O 11. Rd1 Re8
12. c4 Qc8 13. Bh3 (13. b3 a5 (13... c5 14. Bb2 cxd4 15. Rxd4 Qc7 16. Qe5 Rac8
17. Rad1 Bc6 18. Qxc7 Rxc7 19. Ne5 Bxg2 20. Kxg2 Rec8 {1/2-1/2 Svidler,
P-Gelfand,B/Moscow 2001}) 14. Bh3 Nd7 15. Qd3 Qd8 16. Bg2 Nf6 17. Ne5 $14 {
Topalov,V-Anand,V/Monte Carlo 2001}) 13... Be4 14. Ng5 Bf5 15. Bg2 h6 16. Nf3
Be4 17. b3 c5 18. Bb2 cxd4 19. Rxd4 Qb7 $11 {Anand,V-Topalov,V/Monte Carlo 1997
}) 10... O-O 11. b3 a5 $5 {Very interesting defensive plan, which is more
typical for Rubinshtein variation with 4...Bd7, than for this line.} (11... c5
12. Bb2 cxd4 13. Nxd4 Bxg2 14. Kxg2 Qc7 15. Qf3 Rac8 16. Rad1 a6 $11 {Collas,
D-Lalic,S/Zaragoza 1995}) 12. Bb2 a4 13. Qe2 Ra6 14. Rfd1 Re8 $5 {Preparing
Qa8.} (14... Qa8 $6 15. d5 $14 {[%csl Re7]}) 15. Bc3 {[%cal Gb3b4]} Ne4 16. Be1
axb3 17. axb3 Rxa1 18. Rxa1 Bf6 $11 {[%cal Gc7c5] It seems that black is doing
fine. All he needs to do is to push c5 when he gets a chance to.} 19. Rd1 (19.
b4) 19... Qa8 20. h4 ({Nothing promises} 20. Ne5 $5 Nc3 (20... c5 $5) 21. Bxc3
Bxg2 22. Ra1 (22. Nd7 $2 Bf3) 22... Qe4 (22... Qb7 $2 23. Nd7 $1 Be7 24. d5
exd5 25. Qg4 {[%csl Rg8]} d4 26. Bxd4 g6 27. Re1 $40) 23. Qxe4 Bxe4 24. Ra7
Bxe5 25. dxe5 c5 $11) 20... Nd6 $6 {Starting very strange manouvres which lead
to serious difficulties for black.} (20... Rd8 $5 {[%cal Gc7c5]}) 21. g4 g6 22.
c5 Nc8 $6 {This passive move is so untypical of Anand.} (22... bxc5 23. dxc5
Ne4 24. b4 Bd5 25. Qe3 Bg7 $132) 23. Bd2 Ne7 (23... Bxd4 $2 24. Nxd4 Bxg2 25.
c6 $1 Bxc6 26. Qe5 $18 {[%cal Gd2h6]}) 24. b4 Bd5 25. Bg5 Bg7 26. b5 h6 27.
Bxe7 $1 {Great strategical decision. Black simply can't breath.} (27. Bf4 $5)
27... Rxe7 28. c6 $14 Re8 29. Ne5 Qd8 30. Nd7 $1 Bxg2 31. Kxg2 f5 {Playing
with the fire, but an alternative to take on h4 wasn't very tempting either.} (
31... Qxh4 32. d5 Bf8 33. Nxf8 Kxf8 34. d6 cxd6 35. Rxd6 $36) 32. Kh3 $16 {
[%cal Gd1g1,Gh4h5]} (32. g5 hxg5 33. h5 g4 34. hxg6 Qg5 35. Ne5 Qd8 $132) 32...
Qe7 33. gxf5 gxf5 34. Rg1 Kh7 35. Qh5 Ra8 36. Qg6+ Kh8 37. Ne5 Bxe5 (37... Rf8
38. Qg3 {[%cal Ge5g6]} Bxe5 39. Qxe5+ Kh7 40. d5 $18) 38. dxe5 Ra3+ 39. Rg3 $2
{Throwing away a fully deserved victory. After correct} (39. f3 $1 {even Anand
wouldn't be able to hold the position.} Rxf3+ (39... Qf8 40. Qh5 $18 {[%cal
Gg1g6]}) 40. Kg2 Rb3 (40... Ra3 41. Qxh6+ Qh7 42. Qf6+ Qg7+ 43. Kf2 Qxf6 44.
exf6 $18 {[%csl Rc7,Rh8][%cal Gg1g7,Gf6f7]} Ra2+ $140 45. Ke3 Ra3+ 46. Kd2 Ra2+
47. Kc3 Ra3+ 48. Kb4 Ra8 49. Rg7 f4 50. Rxc7 f3 51. Rd7 f2 52. Rd1 Rf8 53. Rf1
$18) 41. Qxh6+ Qh7 42. Qf6+ Qg7+ 43. Kf2 $18) 39... Rxg3+ 40. fxg3 Qg7 $11 41.
Qxe6 1/2-1/2

[Event "Mainz m"]
[Site "Mainz"]
[Date "2004.08.06"]
[Round "4"]
[White "Shirov, Alexei"]
[Black "Anand, Viswanathan"]
[Result "1/2-1/2"]
[WhiteElo "2725"]
[BlackElo "2782"]
[Annotator "Postny,E"]
[PlyCount "83"]
[EventDate "2004.08.05"]
[EventType "match (rapid)"]
[EventRounds "8"]
[EventCountry "GER"]
[SourceTitle "CBM 103"]
[Source "ChessBase"]
[SourceDate "2004.11.11"]
[SourceVersion "1"]
[SourceVersionDate "2004.11.11"]
[SourceQuality "1"]

1. e4 e5 2. Nf3 Nc6 3. Bb5 a6 4. Ba4 Nf6 5. O-O Nxe4 6. d4 b5 7. Bb3 d5 8. dxe5
Be6 9. Nbd2 Nc5 10. c3 d4 (10... Nxb3 $6 {--> 1/2-1/2 Leitao,R-Sega,C/Sao
Paulo 2002/CBM 88 [Postny,E] (27)}) (10... g6 {--> 1/2-1/2 Baramidze,D-Belikov,
V/Dortmund 2003/CBM 97 [Postny,E] (46)}) ({Popular continuations are:} 10...
Bg4) ({and} 10... Be7) 11. Ng5 {The most aggressive way to meet black's
previous move.} (11. Bxe6 {is the main alternative.}) 11... Qxg5 ({Another
common alternative nowadays is} 11... Bd5 {but requires a strong nerves from
black, since after} 12. Nxf7 Kxf7 13. Qf3+ {white has a dangerous attack.}) 12.
Qf3 O-O-O (12... Bd7 {--> 1/2-1/2 Korneev,O-Mikhalevski,V/Sao Paulo 2002/CBM
90 ext [Mikhalevski,V] (55)}) (12... Kd7 13. Bd5 $36) 13. Bxe6+ fxe6 14. Qxc6
Qxe5 15. b4 Qd5 {Black forces the exchange of queens, going to an endgame with
a piece down, but with strong connected passed pawns.} ({Dangerous for black:} 
15... dxc3 16. bxc5 cxd2 17. Qxa6+ Kd7 18. Bxd2 Qxc5 19. Bf4 $36 {1-0 Sutovsky,
E-Mikhalevski,V/Internet Chess Club 2002/EXT 2003 (34)}) 16. Qxd5 exd5 17. bxc5
dxc3 18. Nb3 d4 19. Ba3 g6 {The practice shows, that this move is the most
precise one.} ({Not recommended is} 19... Rd5 $2 {as in the game Naiditsch,
A-Rogers,I/Wijk aan Zee 2003/CBM 93 [Postny,E]}) ({Possible alternative is} 
19... Be7 {--> 1/2-1/2 Goloshchapov,A-Mastrovasilis,D/Topola 2004/CBM 101 
[Postny,E] (41)}) 20. Bb4 Bg7 21. a4 {Shirov has experience to play this
opening variation with both colours!} d3 (21... bxa4 {--> 1/2-1/2 Hracek,
Z-Haba,P/Luhacovice 2003/CBM 94 [Postny,E] (38)}) (21... Kd7 22. axb5 axb5 23.
Rfd1 (23. Rad1 {--> 1-0 Shirov,A-Timman,J/Wijk aan Zee 1996/CBM 51 [Shirov] 
(49)}) 23... Ke6 24. Rac1 {--> 1-0 Kasparov,G-Shirov,A/Linares 2001/CBM 82 
[Ftacnik] (38)}) 22. axb5 d2 23. c6 $2 $146 {[%csl Rc8] It seems that after
this novelty white is in serious trouble!} (23. bxa6 c2 24. Bxd2 (24. Nxd2 Bxa1
25. Rxa1 Rhe8 26. Rc1 Re4 27. Bc3 Rc4 28. Rxc2 Rd3 29. Rb2 Rcxc3 30. a7 Ra3 31.
Rb8+ Kd7 32. a8=Q Rxa8 33. Rxa8 Rxd2 34. g4 Kc6 $11 {1/2-1/2 Morozevich,
A-Ponomariov,R/Biel SUI 2004/The Week in Chess 508 (41)}) 24... Bxa1 25. Rxa1
Rhe8 26. a7 Kb7 27. a8=Q+ Rxa8 28. Rc1 {1/2-1/2 Delchev,A-Gyimesi,Z/Nova
Gorica 2004/CBM 98 ext (28)}) 23... Kb8 $1 {Moving the king out of the mating
net.} 24. Rad1 {The alternatives are not better.} (24. bxa6 c2 25. Nxd2 Bxa1
26. Rxa1 Rhe8 27. Rc1 Re4 28. Bc3 Rc4 29. Rxc2 Rd3 30. Rb2+ Ka7 $19) (24. Nc5
c2 (24... axb5 $2 25. Nd7+ Rxd7 26. cxd7 Rd8 27. Ra2 Rxd7 28. Rd1 Rd5 29. Rc2
Rd4 30. Bxc3 Rc4 31. Bxg7 Rxc2 32. Kf1 $18) 25. Nd7+ Rxd7 26. cxd7 Bxa1 27.
Bxd2 Rd8 $19) (24. Bc5 Rhe8 $1 $19 (24... c2 $2 {[%tqu "En","How can white
save the game?","","","a1a6","",10]} 25. Rxa6 $1 d1=Q 26. Ba7+ Kc8 27. Bd4 Kb8
28. Ba7+ $11) 25. Rxa6 Re1 $19) 24... Rd5 $1 25. bxa6 Rhd8 26. Na1 {Moving the
knight to a blockading square c2, but this blockade is quite shaky.} Ka7 27.
Nc2 Rb8 {White's main problem, is that all his pieces are very passive.} 28.
Rb1 ({Also unattractive for white is} 28. f4 {[%cal Gg1f2,Gf2e2]} Rdb5 29. Ba3
Kxa6 {[%csl Ga6][%cal Ga6a5,Ga5a4,Ga4b3] , though it was probably a better
chance.}) 28... Rdb5 $2 {It's quite strange for Anand to miss a simple win.} (
28... Bf8 $1 29. Ne3 (29. Rfd1 Rdb5 $19) 29... Rxb4 30. Nxd5 Rxb1 31. Nxc3 (31.
Rxb1 c2 32. Rb7+ Kxa6 $19) 31... Rc1 $19) 29. Rb3 R8b6 (29... Bf8 30. Rxc3 Bxb4
31. Nxb4 Rxb4 32. Rd3 Rb2 33. Rd1 $11) 30. Rxc3 $1 Bxc3 $2 ({The last
opportunity to get the advantage was:} 30... Rxb4 31. Rd3 Rb2 32. Rxd2 Bc3 (
32... Rxc6 33. Rd7 $11) 33. Re2 Rxc6) 31. Bxc3 Rc5 32. Bxd2 Rxc2 33. Be3 {
White can take now a deep breath of relief. The forthcoming rooks endgame is
drawish.} Kxa6 34. Bxb6 cxb6 35. f4 b5 36. g4 {Creating a passed pawn on the
"f" file, white achieves an easy draw.} Rxc6 37. f5 gxf5 38. gxf5 b4 39. f6 Rc8
40. Kg2 b3 41. Rb1 Rf8 42. Rxb3 {Definitely, not the best game for both
supergrandmasters.} 1/2-1/2

[Event "Mainz m"]
[Site "Mainz"]
[Date "2004.08.07"]
[Round "5"]
[White "Shirov, Alexei"]
[Black "Anand, Viswanathan"]
[Result "1/2-1/2"]
[WhiteElo "2725"]
[BlackElo "2782"]
[Annotator "Postny,E"]
[PlyCount "86"]
[EventDate "2004.08.05"]
[EventType "match (rapid)"]
[EventRounds "8"]
[EventCountry "GER"]
[SourceTitle "CBM 103"]
[Source "ChessBase"]
[SourceDate "2004.11.11"]
[SourceVersion "1"]
[SourceVersionDate "2004.11.11"]
[SourceQuality "1"]

1. e4 e5 2. Nf3 Nc6 3. Bb5 a6 4. Ba4 Nf6 5. O-O Nxe4 6. d4 b5 7. Bb3 d5 8. dxe5
Be6 9. Nbd2 Nc5 10. c3 d4 ({The main alternatives are:} 10... Bg4) ({and} 10...
Be7) 11. Bxe6 {In this game Shirov decided to try positional line, which is
not so popular nowadays.} ({On the previous day Shirov achieved nothing after} 
11. Ng5) 11... Nxe6 12. cxd4 Ncxd4 13. a4 {Trying to create a weakness in
black's queenside pawn structure.} ({Another theoretical line goes with} 13.
Ne4) 13... Bb4 {A rare move.} (13... Be7 14. Nxd4 Qxd4 (14... Nxd4 15. Ne4 Ne6
16. Be3 O-O 17. f4 Qxd1 18. Rfxd1 $14 {1-0 Karpov,A-Kortschnoj,V/Merano 1981/
MainBase (41)}) 15. axb5 Qxe5 16. bxa6 O-O 17. Qa4 Nc5 18. Qc4 Rfb8 19. Ra5 Qd6
20. Ne4 Nxe4 21. Qxe4 Qb4 22. Qxb4 Bxb4 23. Ra4 Rb6 24. a7 Bc5 25. Rd1 h6 $2 (
25... Rb7 $11) 26. b4 Rxb4 27. Rxb4 Bxb4 28. Be3 Kf8 29. Rb1 {1-0 Topalov,
V-Kortschnoj,V/Madrid 1996/CBM 53 (29)}) (13... Bc5 14. Ne4 Bb6 15. Nfg5 (15.
Be3 O-O 16. axb5 axb5 17. Rxa8 Qxa8 18. Nxd4 Bxd4 19. Nf6+ gxf6 20. Bxd4 Rd8
21. Qg4+ Kh8 22. Be3 Rg8 23. Qh3 fxe5 $15 {1/2-1/2 Georgiev,K-Gyimesi,Z/
Vrnjacka Banja 1998/EXT 2002 (37)}) 15... Qd5 16. Nxe6 Qxe6 17. axb5 Nxb5 18.
Ng5 Qg6 19. e6 O-O 20. exf7+ Kh8 21. Ra4 h6 22. Nf3 Qxf7 23. Rf4 Qh5 24. Re1
Rad8 25. Rxf8+ Rxf8 26. Be3 Re8 $11 {1/2-1/2 Leko,P-Gyimesi,Z/Ulcinj 1997/EXT
99 (33)}) (13... Rb8 {--> 1/2-1/2 Hansen,C-Sokolov,I/Malmo 1997/CBM 60 
[Mikhalevski,V] (40)}) 14. axb5 (14. Nxd4 Qxd4 15. Qe2 O-O 16. Nf3 Qd5 17. Be3
Rfd8 18. Qc2 c5 $11 {1/2-1/2 Passerotti,P-Thipsay,P/Luzern 1982/EXT 97-B (26)})
14... Nxb5 (14... axb5 $2 15. Rxa8 Qxa8 16. Nxd4 Nxd4 17. Qg4 $16 {[%csl Rb4,
Rd4,Rg7]}) 15. Ne4 $146 (15. Qb3 a5 16. Qc4 Nbd4 17. Nxd4 Qxd4 18. Qc6+ Ke7 19.
Nf3 Qd7 20. Qc2 $14 {1/2-1/2 Azarov,S-Mamedyarov,S/Nakhchivan 2003/EXT 2004 
(26)}) 15... O-O 16. Be3 Qxd1 17. Rfxd1 {White keeps small, but stable
advantage thanks to a superior pawn structure.} a5 18. Nfg5 $1 {Exchanging
black's active Ne6.} Nxg5 19. Nxg5 Rfe8 20. f4 f6 21. Nf3 fxe5 22. fxe5 $1 {
This recapture is better than 22.Nxe5. white covers the d6 square, that keeps
black's knight out of business.} c5 23. Rac1 Rac8 24. Kf2 h6 25. Rd7 Nc7 $1 {
[%mdl 256] Another example of great defense performed by Vishy Anand. At the
price of a pawn, black achieves harmony for his pieces.} 26. Bxc5 Ne6 {The
knight arrived to an ideal place.} 27. Be3 Rxc1 28. Bxc1 Rc8 29. Rd1 Rc2+ 30.
Kg3 Kf7 {All black's pieces are active, which gives him sufficient
compensation for the pawn.} 31. h4 Kg6 32. Rf1 Re2 33. Kh3 Nc5 34. Rd1 ({
A bit more troublesome for black could be} 34. h5+ $1 Kh7 $8 (34... Kxh5 $4 {
[%tqu "En","Please enter a move for white.","","","f3h4","and black's king is
in the mating net.",5]} 35. Nh4 $1 {[%cal Rg2g4] and black's king is in the
mating net.}) 35. Rd1 Ne4 36. Rd7 {but, black seems to keep the balance here
as well.}) 34... Ne4 35. Rd7 h5 36. Rc7 (36. Nd4 $2 Re1 {[%cal Re1c1,Re1h1]})
36... Nf2+ 37. Kg3 Nd3 38. Rc6+ Kf7 39. e6+ ({After} 39. Ng5+ Ke8 {white
achieves nothing.}) 39... Kg8 40. Ng5 Kf8 41. Nh7+ (41. Kf3 Re1 42. Bf4 Rf1+
43. Ke2 Rxf4 44. Kxd3 Rxh4 $11) 41... Kg8 42. Ng5 Kf8 43. Nh7+ Kg8 1/2-1/2